000
00282nam a2200109Ia 4500
008
230907s9999||||xx |||||||||||||| ||und||
082
_a
620.1,GRA
100
_a
Gray, Gray L.
_9
115244
245
0
_a
Engineering mechanics dynamics
260
_a
Mcgraw Hill
_b
Boston
_c
2010
942
_c
BK
999
_c
597931
_d
597931